000 00672nam a22002177a 4500
999 _c6081
_d6081
003 AR-CdUCM
008 190313b ||||| |||| 00| 0 spa d
040 _aMUNICIPALIDAD PROVINCIAL DEL CUSCO
_cBIBLIOTECA MUNICIPAL DEL CUSCO
082 _a869.56 /
_bO81
100 _aOsorio, Juan Alberto
_96571
245 _aInaucis /
260 _aAyacucho :
_bUniversidad Nacional de San Cristóbal de Huamanga,
_c1977.
300 _a50 páginas ;
_c15 cm.
500 _aDonación familia Nieto
505 _aContenido: Poemas ayacuchanos.
650 _aPoemas ayacuchanos
_917693
650 _aSiglo XX
_98
650 _aCiudades
_92995
942 _2ddc
_cLIBROS
945 _adavv